Calculus

সংরক্ষণ করুন:
গ্রন্থ-পঞ্জীর বিবরন
প্রধান লেখক: Strauss, Montry J.
বিন্যাস: গ্রন্থ
ভাষা:Undetermined
প্রকাশিত: New York Pearson 2002
বিষয়গুলি:
ট্যাগগুলো: ট্যাগ যুক্ত করুন
কোনো ট্যাগ নেই, প্রথমজন হিসাবে ট্যাগ করুন!
Thư viện lưu trữ: Trung tâm Học liệu Trường Đại học Cần Thơ
LEADER 00518nam a2200205Ia 4500
001 CTU_93412
008 210402s9999 xx 000 0 und d
020 |c 351000 
082 |a 515 
082 |b S912 
100 |a Strauss, Montry J. 
245 0 |a Calculus 
245 0 |c Montry J. Strauss 
260 |a New York 
260 |b Pearson 
260 |c 2002 
650 |a Calculus 
904 |i M.Loan 
910 |a Sách kèm đĩa có số AV.001965 
980 |a Trung tâm Học liệu Trường Đại học Cần Thơ